000 02053cam a22004095i 4500
999 _c58756
_d58756
001 22332129
005 20221105190309.0
008 211202s2022 enka b 001 0 eng d
020 _aX9780198869443X
042 _alccopycat
080 _a338.22 B-91
100 1 _aBell, Emma,
_d1968-
_eauthor.
_914416
245 1 0 _aBusiness research methods./
_cEmma Bell, Alan Bryman, Bill Harley, .
250 _aSixth edition
264 1 _aOxford :
_bOxford University Press,
_c2022.
300 _axl, 647 pages :
_billustrations (black and white, and colour) ;
_c27 cm
336 _atext
_2rdacontent
336 _astill image
_2rdacontent
337 _aunmediated
_2rdamedia
338 _avolume
_2rdacarrier
500 _aPrevious edition: 2019.
504 _aIncludes bibliographical references and indexes.
520 8 _aDeveloped specifically with business and management students in mind, this textbook explores the nature and purpose of business research and the issues it entails, while also providing students with practical advice through 'tips and skills' boxes. In addition to a broad range of relevant examples, it features a substantial discussion of ethics, and a strong emphasis on the most frequent challenges faced by students, such as choosing a research question, planning a project, and writing it up.
650 0 _aBusiness
_xResearch
_xMethodology.
_914417
650 6 _aAffaires
_xRecherche
_xMéthodologie.
_914418
650 7 _aBusiness and Management.
_2eflch
_99650
650 7 _aBusiness
_xResearch
_xMethodology.
_2fast
_0(OCoLC)fst00842375
_914417
650 7 _aBusiness and Management.
_2ukslc
_99650
650 7 _aბიზნეს კვლევის მეთოდები
_914419
650 7 _aეკონომიკა
_914379
700 1 _aBryman, Alan,
_eauthor.
_914420
700 1 _aHarley, Bill,
_eauthor.
_914421
906 _a0
_bibc
_ccopycat
_d2
_encip
_f20
_gy-gencatlg
942 _2udc
_cBK
955 _brm08 2022-06-16 z-processor
955 _bxd09 2021-12-02
_axn19 2022-05-27 1 copy rec'd., to USASH